Estar furioso, estar contento

Saved in:
Bibliographic Details
Main Author: Burns, Peggy (Author)
Format: Book
Language:Spanish
Published: Buenos Aires Sigmar 2005
Edition:1a. ed
Series:Colección Hablemos de...
Subjects:
Tags: Add Tag
No Tags, Be the first to tag this record!

MARC

LEADER 00000cam a2200000 a 4500
001 UCF7486
003 CL-VaPUC
008 130627e20050000AG |||||||||||||||||spa|d
020 |a 9789501118049 
082 0 4 |a 306.43  |b BUR  |2 21 
100 0 |a Burns, Peggy  |e author  |9 569527 
245 1 0 |a Estar furioso, estar contento 
250 |a 1a. ed 
300 |a 27 p 
942 |c BK 
945 |d 20130627 00:00:00  |a cmena 
260 |a Buenos Aires  |b Sigmar  |c 2005 
650 0 |a Sociología de la educación   |9 260380 
650 0 |a Relaciones interpersonales  |9 307056 
650 0 |a Sentimientos   |9 334266 
583 |a last modification  |c 20130627 13:18:00  |k Rodrigo Vera 
490 0 |a Colección Hablemos de... 
999 |c 352309  |d 352307